00494 2200193 4500001002100000005001500021035002000036007000300056008004100059020001500100082001200115084001800127100002000145245005800165250001700223260003000240300002100270990000900291INLIS00000000000080920260505020645 a0010-0526000061ta260505 0 ind  a9793465654 a346.092 a346.092 AMI h0 aAminuddin Ilmar1 aHukum Penanaman Modal Di Indonesia /cAminuddin Ilmar aEd.1, Cet. 3 aJakarta :bKencana,c2007 a294 hlm ;c21 cm a0191